[Event "288th YMCA Spring C"]
[Site "Warsaw"]
[Date "2024.05.09"]
[Round "5"]
[White "Korsun, Wadym"]
[Black "Wiktorowski, Janusz"]
[Result "1-0"]
[WhiteElo "1714"]
[BlackElo "1623"]
[PlyCount "113"]
[EventDate "2024.04.10"]
[EventType "tourn"]
[EventRounds "1"]
[EventCountry "POL"]
[SourceDate "2024.04.10"]

1. e4 e5 2. Nf3 Nc6 3. Bb5 a6 4. Ba4 Nf6 5. d3 Bc5 6. c3 b5 7. Bc2 d6 8. O-O
Bd7 9. Re1 O-O 10. Bg5 h6 11. Bh4 Bg4 12. h3 Bxf3 13. Qxf3 g5 14. Bg3 Kg7 15.
Nd2 Ne7 16. Nb3 Bb6 17. d4 Ng6 18. dxe5 dxe5 19. Rad1 Qe7 20. Nd2 Rh8 21. Nf1
h5 22. Bh2 g4 23. Qe2 gxh3 24. Ng3 Nh4 25. gxh3 Kf8 26. Nf5 Rg8+ 27. Kh1 Nxf5
28. exf5 Qc5 29. Qxe5 Qc6+ 30. Be4 Nxe4 31. Qxe4 Qxe4+ 32. Rxe4 Rg5 33. Rd5 c6
34. Rd2 Rxf5 35. Bg3 Kg8 36. Kg2 Rd8 37. Rxd8+ Bxd8 38. Re8+ Kg7 39. Rxd8 Rg5
40. h4 Rg4 41. Ra8 f5 42. f4 Rg6 43. Ra7+ Kh6 44. Rxa6 Rd6 45. Be1 Rg6+ 46. Kf3
Re6 47. Bf2 Rd6 48. Bd4 Rg6 49. a4 bxa4 50. Rxa4 Re6 51. Ra6 Rg6 52. b4 Re6 53.
b5 Re7 54. Rxc6+ Kh7 55. b6 Re1 56. b7 Rh1 57. Rc7+ 1-0

[Event "288th YMCA Spring C"]
[Site "Warsaw"]
[Date "2024.05.08"]
[Round "5"]
[White "Gozdzikowski, Franciszek"]
[Black "Bartczak, Hanna"]
[Result "1/2-1/2"]
[WhiteElo "1745"]
[BlackElo "1636"]
[PlyCount "131"]
[EventDate "2024.04.10"]
[EventType "tourn"]
[EventRounds "1"]
[EventCountry "POL"]
[SourceDate "2024.04.10"]

1. e4 c5 2. Nf3 d6 3. d4 cxd4 4. Nxd4 Nf6 5. Nc3 a6 6. Be3 e5 7. Nb3 Be6 8. Qd2
Be7 9. f4 exf4 10. Bxf4 d5 11. e5 Nh5 12. Be3 Bh4+ 13. g3 Nxg3 14. hxg3 Bxg3+
15. Bf2 Bxe5 16. O-O-O Qf6 17. Bd4 Nc6 18. Bxe5 Qxe5 19. Re1 Qd6 20. Qg5 Kf8
21. Rg1 g6 22. Qh6+ Kg8 23. Bh3 Bxh3 24. Qxh3 Kg7 25. Rh1 h5 26. Qd3 Rad8 27.
Nd4 Qf4+ 28. Kb1 Qxd4 29. Qg3 Qg4 30. Qd3 Qc4 31. Qg3 d4 32. Ne4 d3 33. Qg5
dxc2+ 34. Ka1 c1=Q+ 35. Qxc1 Qxc1+ 36. Rxc1 Rhe8 37. Nc5 Re7 38. Rhe1 Rde8 39.
Red1 g5 40. Rd5 f6 41. Kb1 Ne5 42. Ne4 Kg6 43. Rf1 Re6 44. Nc5 R6e7 45. Rd6 Ng4
46. Rf3 Re1+ 47. Kc2 R8e2+ 48. Kc3 Rc1+ 49. Kd4 Rd1+ 50. Nd3 Red2 51. Kc3 Rxd3+
52. Rfxd3 Rxd3+ 53. Kxd3 Kf5 54. Rb6 h4 55. Rxb7 h3 56. Ke2 h2 57. Rh7 Kf4 58.
Rh3 f5 59. b4 Ke4 60. a4 Kd4 61. Kf3 Kc4 62. b5 Kc5 63. bxa6 Kb6 64. a7 Kxa7
65. Kg2 Ka6 66. Rh5 $11 1/2-1/2

[Event "288th YMCA Spring C"]
[Site "Warsaw"]
[Date "2024.05.08"]
[Round "5"]
[White "Marczukiewicz, Slawomir"]
[Black "Hartman, Aleksander"]
[Result "1/2-1/2"]
[WhiteElo "1653"]
[BlackElo "1716"]
[PlyCount "65"]
[EventDate "2024.04.10"]
[EventType "tourn"]
[EventRounds "1"]
[EventCountry "POL"]
[SourceDate "2024.04.10"]

1. e4 e5 2. Nf3 Nf6 3. Nxe5 Nc6 4. Nxc6 dxc6 5. d3 Bc5 6. Be2 h5 7. h3 Qd4 8.
Rf1 Be6 9. Nc3 Bb4 10. Bd2 O-O-O 11. a3 Ba5 12. b4 Bb6 13. Na4 Nxe4 14. dxe4
Qxe4 15. Nxb6+ axb6 16. f3 Qh4+ 17. Rf2 g5 18. Qc1 Rhg8 19. Be3 g4 20. hxg4
hxg4 21. f4 Qh1+ 22. Bf1 g3 23. Rf3 Bd5 24. Qd1 Bc4 25. Qc1 Rge8 26. a4 Qg1 27.
Ra3 Bxf1 28. Rxf1 Qxg2 29. Rd3 Rxd3 30. cxd3 Qh3 31. Rg1 Qh2 32. Kf1 Qh3+ 33.
Rg2 $11 1/2-1/2

[Event "288th YMCA Spring C"]
[Site "Warsaw"]
[Date "2024.05.10"]
[Round "5"]
[White "Jaroszuk, Marcin"]
[Black "Glowacki, Mateusz"]
[Result "1-0"]
[WhiteElo "1744"]
[BlackElo "1625"]
[PlyCount "87"]
[EventDate "2024.04.10"]
[EventType "tourn"]
[EventRounds "1"]
[EventCountry "POL"]
[SourceDate "2024.04.10"]

1. f4 e5 2. fxe5 d6 3. exd6 Bxd6 4. Nf3 Bg4 5. e3 Nc6 6. Be2 Nge7 7. O-O Nf5 8.
Qe1 Qe7 9. a3 h5 10. Nc3 O-O-O 11. Nb5 Ne5 12. Nxd6+ Rxd6 13. Nxe5 Qxe5 14. Bd3
Rg6 15. Rf4 h4 16. Qf2 Rg5 17. Rxg4 Rhh5 18. Rxg5 Rxg5 19. Qf4 Qf6 20. Rb1 Qg6
21. Be4 h3 22. g3 Kb8 23. Bxf5 Rxf5 24. Qh4 b6 25. Qxh3 Rh5 26. Qf1 Qxc2 27.
Ra1 Rf5 28. Qe2 Rc5 29. b4 Rc6 30. a4 Rc3 31. Kf2 Rd3 32. Ra3 Rd6 33. Rc3 Qh7
34. Bb2 Qxh2+ 35. Ke1 Qxg3+ 36. Kd1 Rh6 37. Kc2 Rh4 38. Ba3 Rh1 39. a5 Qg1 40.
Kb3 Qa1 41. Bb2 Rb1 42. Rc2 c6 43. a6 b5 44. Qh2+ 1-0

[Event "288th YMCA Spring C"]
[Site "Warsaw"]
[Date "2024.05.08"]
[Round "5"]
[White "Kuc, Mariusz"]
[Black "Okurowski, Michal"]
[Result "1-0"]
[WhiteElo "1748"]
[BlackElo "1738"]
[PlyCount "95"]
[EventDate "2024.04.10"]
[EventType "tourn"]
[EventRounds "1"]
[EventCountry "POL"]
[SourceDate "2024.04.10"]

1. e4 e5 2. Nf3 Nc6 3. d4 exd4 4. Nxd4 d6 5. Nxc6 bxc6 6. g3 Nf6 7. Bg2 Bb7 8.
O-O Be7 9. b3 O-O 10. Bb2 c5 11. Nd2 Nd7 12. Re1 f5 13. Qe2 Bf6 14. Bxf6 Nxf6
15. e5 Bxg2 16. Kxg2 dxe5 17. Rad1 Qd5+ 18. Nf3 Qc6 19. Qc4+ Kh8 20. Rxe5 Ne4
21. Red5 Rae8 22. Ne5 Rxe5 23. Rxe5 Nc3+ 24. Rdd5 Rd8 25. Qxc5 Qa8 26. Qxc3
Rxd5 27. Qf3 c6 28. Rxd5 cxd5 29. c4 h6 30. cxd5 Qc8 31. Qd3 Qd7 32. Qc4 Qe8
33. Kf3 Qe5 34. Qc8+ Kh7 35. Qe6 Qc3+ 36. Kg2 Qc2 37. h4 h5 38. d6 Qc6+ 39. Kh2
Qf3 40. Qe3 Qd1 41. Qf4 Qd5 42. b4 a6 43. Qg5 Qf3 44. Qd2 Qa8 45. d7 Qd8 46.
Qd5 g6 47. Qf7+ Kh6 48. Qe8 1-0

[Event "288th YMCA Spring C"]
[Site "Warsaw"]
[Date "2024.05.08"]
[Round "5"]
[White "Mazan, Dawid"]
[Black "Bronowski, Franciszek"]
[Result "0-1"]
[WhiteElo "1642"]
[BlackElo "1659"]
[PlyCount "144"]
[EventDate "2024.04.10"]
[EventType "tourn"]
[EventRounds "1"]
[EventCountry "POL"]
[SourceDate "2024.04.10"]

1. e4 e5 2. Nf3 Nc6 3. d4 exd4 4. Bc4 Bc5 5. Ng5 Bb4+ 6. c3 dxc3 7. bxc3 Qf6 8.
Bb2 Qxg5 9. cxb4 Qxg2 10. Rf1 Qxe4+ 11. Be2 Ne5 12. Qb3 d6 13. Nd2 Qf4 14.
O-O-O Bd7 15. Rg1 Ne7 16. Kb1 O-O-O 17. Qa3 Qxf2 18. Bc4 Kb8 19. Rgf1 Bf5+ 20.
Ka1 Qh4 21. Rc1 f6 22. Bb5 Bd7 23. Bxd7 Nxd7 24. Nf3 Qh3 25. Rg1 Ne5 26. Rg3
Qf5 27. Nd4 Qd7 28. Rgc3 Rc8 29. Qa5 N7c6 30. Nxc6+ Nxc6 31. Qa4 Ne5 32. b5 c6
33. Ra3 b6 34. Bxe5 dxe5 35. bxc6 Qd4+ 36. Qxd4 exd4 37. Rd3 Rhd8 38. a4 Rd6
39. Rg1 g6 40. Rg4 Rcxc6 41. Rgxd4 Rxd4 42. Rxd4 f5 43. h4 Kb7 44. h5 gxh5 45.
Rh4 Rf6 46. Rxh5 Rf7 47. Rh3 f4 48. Rf3 h5 49. Kb2 h4 50. Kb3 h3 51. Rxh3 f3
52. Rh1 f2 53. Rf1 Kc6 54. Kc4 Rf4+ 55. Kc3 Kc5 56. Kb3 Rf3+ 57. Kb2 Kb4 58.
Ka2 Kxa4 59. Kb2 a5 60. Ka2 Kb4 61. Kb2 a4 62. Ka2 a3 63. Rb1+ Ka4 64. Rxb6 Ka5
65. Rb8 Rf6 66. Ra8+ Kb6 67. Rb8+ Kc7 68. Ra8 f1=Q 69. Rxa3 Qc4+ 70. Rb3 Rf2+
71. Ka1 Qc1+ 72. Rb1 Qa3# 0-1

[Event "288th YMCA Spring C"]
[Site "Warsaw"]
[Date "2024.05.16"]
[Round "6"]
[White "Wiktorowski, Janusz"]
[Black "Bronowski, Franciszek"]
[Result "0-1"]
[WhiteElo "1623"]
[BlackElo "1659"]
[PlyCount "76"]
[EventDate "2024.04.10"]
[EventType "tourn"]
[EventRounds "1"]
[EventCountry "POL"]
[SourceDate "2024.04.10"]

1. e4 e5 2. Nf3 Nc6 3. Bc4 Bc5 4. c3 Nf6 5. d4 exd4 6. cxd4 Bb4+ 7. Nc3 Nxe4 8.
O-O Bxc3 9. d5 Bf6 10. Re1 O-O 11. Rxe4 Na5 12. Bd3 d6 13. Rb1 b6 14. Rf4 Nb7
15. Rxf6 gxf6 16. Bh6 Re8 17. Nh4 f5 18. Qh5 Qf6 19. g4 Nc5 20. Bc2 Ne4 21.
gxf5 Kh8 22. Bxe4 Rxe4 23. Bg5 Qg7 24. Kh1 Bb7 25. f6 Qg8 26. Rg1 Bxd5 27. f3
Re5 28. Qh6 Qf8 29. Qh5 Rae8 30. b3 Qg8 31. h3 Re1 32. Rxe1 Rxe1+ 33. Kg2 Re5
34. Kf2 Rxg5 35. Qh6 Rg1 36. Nf5 Qg2+ 37. Ke3 Qxf3+ 38. Kd4 Rd1+ 0-1

[Event "288th YMCA Spring C"]
[Site "Warsaw"]
[Date "2024.05.15"]
[Round "6"]
[White "Okurowski, Michal"]
[Black "Mazan, Dawid"]
[Result "1/2-1/2"]
[WhiteElo "1738"]
[BlackElo "1642"]
[PlyCount "59"]
[EventDate "2024.04.10"]
[EventType "tourn"]
[EventRounds "1"]
[EventCountry "POL"]
[SourceDate "2024.04.10"]

1. e4 e5 2. d4 exd4 3. Nf3 Nc6 4. Nxd4 Bc5 5. Nxc6 Qf6 6. Qf3 dxc6 7. Be2 Be6
8. Nc3 O-O-O 9. O-O h5 10. Qxf6 Nxf6 11. Bg5 Bd4 12. Nd1 Rde8 13. Bd3 Bg4 14.
c3 Bb6 15. Re1 Nd7 16. Be3 Nc5 17. Bc2 a5 18. f3 Be6 19. Nf2 Rd8 20. b3 Rd7 21.
Rad1 Rhd8 22. Rxd7 Rxd7 23. Rd1 Rxd1+ 24. Bxd1 Kd7 25. Kf1 a4 26. b4 Bc4+ 27.
Be2 Bxe2+ 28. Kxe2 Ne6 29. Bxb6 cxb6 30. Ke3 $11 1/2-1/2

[Event "288th YMCA Spring C"]
[Site "Warsaw"]
[Date "2024.05.15"]
[Round "6"]
[White "Hartman, Aleksander"]
[Black "Jaroszuk, Marcin"]
[Result "1/2-1/2"]
[WhiteElo "1716"]
[BlackElo "1744"]
[PlyCount "85"]
[EventDate "2024.04.10"]
[EventType "tourn"]
[EventRounds "1"]
[EventCountry "POL"]
[SourceDate "2024.04.10"]

1. e4 e5 2. Nf3 Nc6 3. Bb5 a6 4. Bxc6 dxc6 5. Nc3 Bc5 6. d3 f6 7. Be3 Bxe3 8.
fxe3 Qe7 9. d4 Nh6 10. h3 b6 11. Qe2 Bb7 12. O-O-O O-O-O 13. g4 Nf7 14. Nh4 g6
15. Qf2 Nd6 16. d5 Nc4 17. Nb1 cxd5 18. exd5 Bxd5 19. Rhf1 Rhf8 20. b3 Na3 21.
Nc3 Bc6 22. Rxd8+ Qxd8 23. g5 f5 24. Nf3 Qe7 25. Qg3 Bxf3 26. Qxf3 e4 27. Nxe4
Nb5 28. a4 Qa3+ 29. Kb1 Rd8 30. axb5 fxe4 31. Qxe4 axb5 32. h4 Qd6 33. Kb2 Qd5
34. Qxd5 Rxd5 35. Rf8+ Rd8 36. Rf4 Rd7 37. c4 b4 38. Kc2 c5 39. h5 Kc7 40. hxg6
hxg6 41. Rf6 Rd6 42. e4 Kd7 43. Rxd6+ $11 1/2-1/2

[Event "288th YMCA Spring C"]
[Site "Warsaw"]
[Date "2024.05.23"]
[Round "6"]
[White "Bartczak, Hanna"]
[Black "Marczukiewicz, Slawomir"]
[Result "1/2-1/2"]
[WhiteElo "1636"]
[BlackElo "1653"]
[PlyCount "28"]
[EventDate "2024.04.10"]
[EventType "tourn"]
[EventRounds "1"]
[EventCountry "POL"]
[SourceDate "2024.04.10"]

1. d4 d5 2. c4 c6 3. Nf3 Nf6 4. g3 dxc4 5. Bg2 Bf5 6. Ne5 Be4 7. Nf3 e5 8. Nbd2
exd4 9. Nxe4 Nxe4 10. Qxd4 Bb4+ 11. Kf1 Qxd4 12. Nxd4 Nd6 13. Bf4 O-O 14. Rc1
Rd8 1/2-1/2

[Event "288th YMCA Spring C"]
[Site "Warsaw"]
[Date "2023.05.15"]
[Round "6"]
[White "Korsun, Wadym"]
[Black "Gozdzikowski, Franciszek"]
[Result "0-1"]
[WhiteElo "1714"]
[BlackElo "1745"]
[PlyCount "160"]
[EventDate "2024.04.10"]
[EventType "tourn"]
[EventRounds "1"]
[EventCountry "POL"]
[SourceDate "2024.04.10"]

1. e4 e5 2. Nf3 Nc6 3. Bb5 a6 4. Ba4 Nf6 5. d3 d6 6. c3 g6 7. h3 Bg7 8. O-O b5
9. Bc2 O-O 10. Re1 Bb7 11. Nbd2 Nb8 12. Nf1 Nbd7 13. d4 exd4 14. cxd4 Re8 15.
Ng3 c5 16. Bf4 Nb6 17. dxc5 Nc4 18. cxd6 Nxb2 19. Qd2 Nc4 20. Qd3 Nd7 21. Rac1
Nc5 22. Qf1 Ne6 23. Be3 Nxe3 24. Rxe3 Bh6 25. Rd3 Bxc1 26. Qxc1 Nc5 27. Rd4 Rc8
28. Qh6 Ne6 29. Rd2 Rc5 30. Bb3 Qf6 31. d7 Rd8 32. Bxe6 fxe6 33. e5 Qg7 34. Qg5
Rxd7 35. Nh5 gxh5 36. Rxd7 Qxg5 37. Nxg5 Bd5 38. Nxh7 Bxa2 39. Nf6+ Kf8 40. Ra7
Rc6 41. g4 hxg4 42. h4 b4 43. h5 b3 44. Rb7 Rc7 45. Rxc7 b2 46. Rb7 b1=Q+ 47.
Rxb1 Bxb1 48. Kf1 Bf5 49. Ke2 Kg7 50. Kd2 Kh6 51. Kc3 Kg5 52. Kb4 Bd3 53. Kc3
Be2 54. Kd2 Bf3 55. Kc3 Be2 56. Kd2 Bf1 57. Kc3 Bg2 58. Kb4 Bf3 59. Kc3 Kh6 60.
Kb4 Be2 61. Kc3 a5 62. Kd2 a4 63. Kc3 Kg5 64. Kb4 Bd1 65. Ka3 Kf5 66. h6 Kg6
67. h7 Kg7 68. Kb4 Kh8 69. Ka3 Bc2 70. Kb4 Bxh7 71. Kxa4 Bf5 72. Kb4 Kg7 73.
Kc4 Kg6 74. Kd4 Kg5 75. Ke3 Bc2 76. f3 g3 77. f4+ Kh4 78. Ke2 Kh3 79. Nh5 g2
80. Kf2 Kh2 0-1

[Event "288th YMCA Spring C"]
[Site "Warsaw"]
[Date "2024.05.23"]
[Round "7"]
[White "Gozdzikowski, Franciszek"]
[Black "Wiktorowski, Janusz"]
[Result "1-0"]
[WhiteElo "1745"]
[BlackElo "1623"]
[PlyCount "61"]
[EventDate "2024.04.10"]
[EventType "tourn"]
[EventRounds "1"]
[EventCountry "POL"]
[SourceDate "2024.04.10"]

1. e4 e5 2. Nf3 Nc6 3. Bc4 Bc5 4. b4 Bxb4 5. c3 Be7 6. d4 d6 7. Qb3 Na5 8.
Bxf7+ Kf8 9. Qa4 Kxf7 10. Qxa5 b6 11. Qa4 Bd7 12. Qc2 exd4 13. cxd4 Ke8 14. O-O
c5 15. Nc3 cxd4 16. Nxd4 Nf6 17. Re1 Rc8 18. Qb3 Qc7 19. Nd5 Qc4 20. Nxe7 Kxe7
21. Qd1 Kf7 22. Bg5 Ba4 23. Nb3 Bxb3 24. axb3 Qc7 25. Bxf6 gxf6 26. Qd5+ Ke7
27. f4 a5 28. Kh1 Qc5 29. b4 axb4 30. Ra7+ Rc7 31. Qxc5 1-0

[Event "288th YMCA Spring C"]
[Site "Warsaw"]
[Date "2024.05.22"]
[Round "7"]
[White "Marczukiewicz, Slawomir"]
[Black "Korsun, Wadym"]
[Result "1/2-1/2"]
[WhiteElo "1653"]
[BlackElo "1714"]
[PlyCount "55"]
[EventDate "2024.04.10"]
[EventType "tourn"]
[EventRounds "1"]
[EventCountry "POL"]
[SourceDate "2024.04.10"]

1. d4 Nf6 2. c4 e6 3. Nc3 d5 4. Bg5 Be7 5. e3 c6 6. cxd5 exd5 7. Bd3 O-O 8.
Nge2 Re8 9. O-O Bd6 10. Bf4 Be6 11. f3 h6 12. Kh1 Bxf4 13. Nxf4 Nbd7 14. e4
dxe4 15. fxe4 Nf8 16. d5 cxd5 17. exd5 Bg4 18. Qb3 Rb8 19. Bc4 Re7 20. Rae1 Bf5
21. Rxe7 Qxe7 22. d6 Qxd6 23. Bxf7+ Kh8 24. Nfd5 Ng4 25. g3 Be6 26. Bxe6 Nxe6
27. Qc4 Ne5 28. Qh4 1/2-1/2

[Event "288th YMCA Spring C"]
[Site "Warsaw"]
[Date "2024.05.30"]
[Round "7"]
[White "Jaroszuk, Marcin"]
[Black "Bartczak, Hanna"]
[Result "1-0"]
[WhiteElo "1744"]
[BlackElo "1636"]
[PlyCount "93"]
[EventDate "2024.04.10"]
[EventType "tourn"]
[EventRounds "1"]
[EventCountry "POL"]
[SourceDate "2024.04.10"]

1. Nf3 g6 2. g3 Bg7 3. d4 Nf6 4. Bg2 d6 5. O-O O-O 6. c4 c5 7. dxc5 dxc5 8. Nc3
Nfd7 9. Qc2 Nc6 10. a3 a6 11. Rd1 Qa5 12. Bd2 Qd8 13. e3 Rb8 14. Nd5 e6 15. Nf4
Qe7 16. Bc3 Nde5 17. Nxe5 Nxe5 18. Nd3 Nd7 19. Bxg7 Kxg7 20. Qc3+ f6 21. Rd2 b6
22. Rad1 Bb7 23. Nf4 Ne5 24. Rd6 Bxg2 25. Rxe6 Qf7 26. Kxg2 g5 27. Rxe5 fxe5
28. Qxe5+ Kg8 29. Qxg5+ Kh8 30. Qe5+ Qf6 31. Rd5 Qxe5 32. Rxe5 Rfd8 $11 33. Nd5
Rd6 34. a4 Rc6 35. h4 b5 36. axb5 axb5 37. b3 bxc4 38. bxc4 Rb2 39. h5 Rc2 40.
Re4 Kg7 41. Rf4 Ra6 42. Nc7 Rc6 43. Nd5 Ra6 44. g4 Kh6 45. Kg3 Ra4 46. Rf6+ Kg7
47. h6+ 1-0

[Event "288th YMCA Spring C"]
[Site "Warsaw"]
[Date "2024.05.22"]
[Round "7"]
[White "Kuc, Mariusz"]
[Black "Hartman, Aleksander"]
[Result "1-0"]
[WhiteElo "1748"]
[BlackElo "1716"]
[PlyCount "65"]
[EventDate "2024.04.10"]
[EventType "tourn"]
[EventRounds "1"]
[EventCountry "POL"]
[SourceDate "2024.04.10"]

1. e4 g6 2. f4 Bg7 3. Nf3 d5 4. exd5 c6 5. dxc6 Nxc6 6. c3 Qc7 7. d4 Bg4 8. Be2
e6 9. Na3 a6 10. Nc2 Nge7 11. Ne3 h5 12. Ne5 Bxe2 13. Qxe2 b5 14. O-O O-O 15.
Bd2 Rad8 16. Rfd1 Qb6 17. Be1 Rfe8 18. Bf2 Nd5 19. Qf3 Nce7 20. g4 hxg4 21.
Qxg4 b4 22. Nxd5 exd5 23. Re1 bxc3 24. bxc3 Nf5 25. Rab1 Qc7 26. Qf3 Re6 27.
Rb3 Bxe5 28. fxe5 Qa5 29. Re2 Rc6 30. Be1 Qa4 31. h4 a5 32. Rg2 Qc4 33. Qxf5
1-0

[Event "288th YMCA Spring C"]
[Site "Warsaw"]
[Date "2024.05.14"]
[Round "7"]
[White "Mazan, Dawid"]
[Black "Glowacki, Mateusz"]
[Result "1-0"]
[WhiteElo "1642"]
[BlackElo "1625"]
[PlyCount "59"]
[EventDate "2024.04.10"]
[EventType "tourn"]
[EventRounds "1"]
[EventCountry "POL"]
[SourceDate "2024.04.10"]

1. e4 c5 2. c3 d5 3. exd5 Nf6 4. Bb5+ Bd7 5. Bxd7+ Qxd7 6. c4 e6 7. dxe6 fxe6
8. Nf3 Nc6 9. O-O Bd6 10. Nc3 Rd8 11. Qe2 O-O 12. b3 Bb8 13. Bb2 e5 14. Ne4
Nxe4 15. Qxe4 Rf4 16. Qe3 Qd6 17. g3 Rf5 18. Bc3 Rdf8 19. Nh4 Rh5 20. Ng2 Qe6
21. Nf4 Rxf4 22. gxf4 Rh3 23. Qe4 Qh6 24. fxe5 Rh4 25. f4 Rxh2 26. Rf2 Rxf2 27.
Kxf2 Qh4+ 28. Ke2 Qh2+ 29. Kd3 Qh3+ 30. Kc2 1-0

[Event "288th YMCA Spring C"]
[Site "Warsaw"]
[Date "2024.05.22"]
[Round "7"]
[White "Bronowski, Franciszek"]
[Black "Okurowski, Michal"]
[Result "1-0"]
[WhiteElo "1659"]
[BlackElo "1738"]
[PlyCount "71"]
[EventDate "2024.04.10"]
[EventType "tourn"]
[EventRounds "1"]
[EventCountry "POL"]
[SourceDate "2024.04.10"]

1. d4 d5 2. c4 c6 3. Nf3 e6 4. e3 Nf6 5. Nc3 Nbd7 6. Bd3 dxc4 7. Bxc4 b5 8. Bd3
a6 9. O-O c5 10. Re1 c4 11. Bc2 Bb7 12. e4 Be7 13. e5 Nd5 14. Ne4 Nb4 15. Bb1
h6 16. h4 Bxe4 17. Bxe4 Rc8 18. a3 Nd5 19. h5 N7b6 20. Nh2 Bg5 21. Qg4 c3 22.
f4 cxb2 23. Bxb2 Nxf4 24. Rad1 O-O 25. Nf3 Nfd5 26. Nxg5 Qxg5 27. Qf3 f5 28.
exf6 Rxf6 29. Qh3 Nf4 30. Qh2 Qxh5 31. Qxh5 Nxh5 32. d5 Rf4 33. dxe6 Ng3 34. e7
Kf7 35. Bg6+ Kxg6 36. Rd8 1-0

[Event "288th YMCA Spring C"]
[Site "Warsaw"]
[Date "2024.05.30"]
[Round "8"]
[White "Wiktorowski, Janusz"]
[Black "Okurowski, Michal"]
[Result "0-1"]
[WhiteElo "1623"]
[BlackElo "1738"]
[PlyCount "54"]
[EventDate "2024.04.10"]
[EventType "tourn"]
[EventRounds "1"]
[EventCountry "POL"]
[SourceDate "2024.04.10"]

1. e4 d5 2. exd5 Nf6 3. Nf3 Nxd5 4. d4 Bf5 5. Bc4 e6 6. Bxd5 exd5 7. O-O Be7 8.
h3 O-O 9. Bf4 Nd7 10. c3 Nf6 11. Ne5 c6 12. Nd2 Nd7 13. Ndf3 f6 14. Ng4 Bxg4
15. hxg4 Nb6 16. b3 Bd6 17. Be3 Qd7 18. g3 Qxg4 19. Kg2 Rae8 20. Rh1 Bxg3 21.
fxg3 Rxe3 22. Rh4 Qe6 23. Kf2 Re8 24. Ng1 Rxc3 25. Kg2 Qe3 26. Qh5 Qxg3+ 27.
Kh1 Qg6 0-1

[Event "288th YMCA Spring C"]
[Site "Warsaw"]
[Date "2024.05.21"]
[Round "8"]
[White "Glowacki, Mateusz"]
[Black "Bronowski, Franciszek"]
[Result "1-0"]
[WhiteElo "1625"]
[BlackElo "1659"]
[PlyCount "55"]
[EventDate "2024.04.10"]
[EventType "tourn"]
[EventRounds "1"]
[EventCountry "POL"]
[SourceDate "2024.04.10"]

1. e4 e5 2. Bc4 Nf6 3. d3 c6 4. Nf3 Bd6 5. Bg5 h6 6. Bh4 Bc7 7. Nc3 d6 8. d4
Nbd7 9. O-O O-O 10. a4 a5 11. Qd3 Re8 12. Rad1 Qe7 13. Rfe1 Nf8 14. d5 Ng6 15.
Ne2 Nxh4 16. Nxh4 Nxd5 17. Ng6 fxg6 18. exd5 Bf5 19. dxc6+ Kh8 20. Qd5 bxc6 21.
Qxc6 Bxc2 22. Nf4 Qd8 23. Bf7 Bxd1 24. Nxg6+ Kh7 25. Qe4 Bc2 26. Qxc2 e4 27.
Rxe4 Qg5 28. Rxe8 1-0

[Event "288th YMCA Spring C"]
[Site "Warsaw"]
[Date "2024.06.06"]
[Round "8"]
[White "Hartman, Aleksander"]
[Black "Mazan, Dawid"]
[Result "1/2-1/2"]
[WhiteElo "1716"]
[BlackElo "1642"]
[PlyCount "119"]
[EventDate "2024.04.10"]
[EventType "tourn"]
[EventRounds "1"]
[EventCountry "POL"]
[SourceDate "2024.04.10"]

1. e4 e5 2. Nf3 Nc6 3. Bb5 a6 4. Bxc6 dxc6 5. Nc3 Bd6 6. d4 exd4 7. Qxd4 f6 8.
e5 Bxe5 9. Qxd8+ Kxd8 10. Nxe5 fxe5 11. Bg5+ Nf6 12. O-O-O+ Ke7 13. Rhe1 Kf7
14. Rxe5 Be6 15. h3 Rhe8 16. f4 Nd7 17. Re3 Nb6 18. g4 h6 19. Bh4 Bd5 20. Rde1
Rxe3 21. Rxe3 Re8 22. Nxd5 Nxd5 23. Rxe8 Kxe8 24. Bg3 h5 25. f5 hxg4 26. hxg4
Ne3 27. Bxc7 Nxg4 28. Kd2 Nh6 29. Ke3 Nxf5+ 30. Ke4 Ne7 31. c4 Kd7 32. Be5 g6
33. b4 Ke6 34. Bh2 Nf5 35. a4 g5 36. Bg1 g4 37. Bh2 g3 38. Bg1 g2 39. b5 Nd6+
40. Kd4 cxb5 41. cxb5 axb5 42. axb5 Nxb5+ 43. Ke3 Kd5 44. Kf2 Nd4 45. Kxg2 Ke4
46. Bh2 Ne6 47. Bd6 b6 48. Kf2 Kd3 49. Ke1 Kc2 50. Be7 Nc5 51. Bd8 b5 52. Be7
Nd3+ 53. Ke2 Nf4+ 54. Ke1 Ne6 55. Bd6 Kc3 56. Kd1 Kc4 57. Kc2 Nc5 58. Bxc5 Kxc5
59. Kc3 b4+ 60. Kb3 $11 1/2-1/2

[Event "288th YMCA Spring C"]
[Site "Warsaw"]
[Date "2024.05.21"]
[Round "8"]
[White "Bartczak, Hanna"]
[Black "Kuc, Mariusz"]
[Result "0-1"]
[WhiteElo "1636"]
[BlackElo "1748"]
[PlyCount "90"]
[EventDate "2024.04.10"]
[EventType "tourn"]
[EventRounds "1"]
[EventCountry "POL"]
[SourceDate "2024.04.10"]

1. d4 Nf6 2. Nc3 d5 3. Bf4 e6 4. e3 Bb4 5. Bd3 Nbd7 6. Nf3 Ne4 7. Bxe4 dxe4 8.
Ng5 Nf6 9. O-O Bxc3 10. bxc3 h6 11. Nh3 O-O 12. c4 b6 13. c3 Ba6 14. Qb3 Nd7
15. a4 c5 16. Bd6 Re8 17. Rfd1 Qc8 18. d5 e5 19. a5 g5 20. Kh1 Qd8 21. Qa4 bxa5
22. Qxa5 Bxc4 23. Bxc5 g4 24. Ng1 Qh4 25. Qb4 Bd3 26. Rxa7 Nxc5 27. Qxc5 Rxa7
28. Qxa7 Qxf2 29. d6 Bf1 30. Rxf1 Qxf1 31. d7 Rd8 32. Qc7 Qf6 33. Ne2 Qf1+ 34.
Ng1 Qf6 35. Ne2 Qe7 36. Kg1 Rxd7 37. Qc8+ Qd8 38. Qc4 Rd1+ 39. Kf2 Qh4+ 40. Ng3
Rd8 41. Qxe4 Qf6+ 42. Nf5 h5 43. Kg3 Rc8 44. c4 Qe6 45. Qd5 Qxf5 0-1

[Event "288th YMCA Spring C"]
[Site "Warsaw"]
[Date "2024.05.29"]
[Round "8"]
[White "Korsun, Wadym"]
[Black "Jaroszuk, Marcin"]
[Result "1-0"]
[WhiteElo "1714"]
[BlackElo "1744"]
[PlyCount "119"]
[EventDate "2024.04.10"]
[EventType "tourn"]
[EventRounds "1"]
[EventCountry "POL"]
[SourceDate "2024.04.10"]

1. e4 e5 2. Nf3 Nc6 3. Bb5 f5 4. d3 fxe4 5. dxe4 Nf6 6. O-O d6 7. Nc3 Be7 8.
Bg5 O-O 9. Re1 Bg4 10. Be2 Qd7 11. Nd2 Bxe2 12. Nxe2 Ng4 13. Be3 Nxe3 14. fxe3
Bh4 15. Rf1 Bg5 16. Rxf8+ Rxf8 17. Nf1 Qf7 18. Qe1 g6 19. Nc3 Nd8 20. Qe2 Ne6
21. Nd2 Kg7 22. Nf3 Qe8 23. h3 Bd8 24. Qc4 Qd7 25. Rd1 Rxf3 26. gxf3 Ng5 27.
Qe2 Qxh3 28. Rf1 Qg3+ 29. Qg2 Nh3+ 30. Kh1 Qh4 31. Qh2 g5 32. Kg2 g4 33. Qg3
Qxg3+ 34. Kxg3 h5 35. fxg4 hxg4 36. Kxg4 Ng5 37. Kf5 a6 38. Rg1 Kh6 39. Rh1+
Kg7 40. Rh5 Nf7 41. Ke6 Kg6 42. Rh1 Bg5 43. Nd1 Nh6 44. Kd7 Ng4 45. Re1 Nf6+
46. Kxc7 Nxe4 47. Kxb7 a5 48. Kc6 Kf7 49. Nc3 Nxc3 50. bxc3 Ke6 51. e4 Bd2 52.
Rd1 Bxc3 53. Rxd6+ Ke7 54. Rd5 Ke6 55. a3 Kf6 56. Rc5 Bd2 57. c3 Ke6 58. Kb5
Bc1 59. a4 Be3 60. Rc4 1-0

[Event "288th YMCA Spring C"]
[Site "Warsaw"]
[Date "2024.05.24"]
[Round "8"]
[White "Gozdzikowski, Franciszek"]
[Black "Marczukiewicz, Slawomir"]
[Result "1-0"]
[WhiteElo "1745"]
[BlackElo "1653"]
[PlyCount "41"]
[EventDate "2024.04.10"]
[EventType "tourn"]
[EventRounds "1"]
[EventCountry "POL"]
[SourceDate "2024.04.10"]

1. e4 e5 2. Nf3 Nc6 3. Bc4 Nf6 4. d4 exd4 5. O-O Bc5 6. e5 d5 7. exf6 dxc4 8.
fxg7 Rg8 9. Bg5 Qd6 10. Nbd2 Bf5 11. Re1+ Kd7 12. Nxc4 Qd5 13. Nce5+ Kc8 14.
Nxc6 Qxc6 15. Nxd4 Qg6 16. Nxf5 Qxf5 17. Be3 Bd6 18. Bd4 b6 19. Re3 Kd7 20. Qf3
Qxc2 21. Qxf7+ 1-0

[Event "288th YMCA Spring C"]
[Site "Warsaw"]
[Date "2024.06.14"]
[Round "9"]
[White "Jaroszuk, Marcin"]
[Black "Gozdzikowski, Franciszek"]
[Result "1/2-1/2"]
[WhiteElo "1744"]
[BlackElo "1745"]
[PlyCount "22"]
[EventDate "2024.04.10"]
[EventType "tourn"]
[EventRounds "1"]
[EventCountry "POL"]
[SourceDate "2024.04.10"]

1. d4 Nf6 2. Nf3 g6 3. g3 Bg7 4. Bg2 O-O 5. O-O d6 6. c4 c6 7. Nc3 Bf5 8. Ne1
e5 9. e4 Bd7 10. dxe5 dxe5 11. Nd3 Qc7 $11 1/2-1/2